Statistics for Danske Scrabble-ord med 2 bogstaver

Click here to take the quiz!

General Stats

  • This quiz has been taken 4 times
  • The average score is 54 of 160

Answer Stats

Ord% Correct
ES
100%
ET
100%
KO
100%
AB
67%
AD
67%
AE
67%
AF
67%
AG
67%
AH
67%
AK
67%
AL
67%
AM
67%
AN
67%
AR
67%
AS
67%
AT
67%
AV
67%
BA
67%
BH
67%
BI
67%
BO
67%
BS
67%
BU
67%
BY
67%
CV
67%
DA
67%
DE
67%
DI
67%
DO
67%
DU
67%
DY
67%
EN
67%
ER
67%
FA
67%
FY
67%
GO
67%
IN
67%
IR
67%
IS
67%
LA
67%
67%
LO
67%
MI
67%
OP
67%
SE
67%
TE
67%
TO
67%
ÆG
33%
ÆH
33%
ÆR
33%
ÅH
33%
ÅL
33%
ÅR
33%
33%
CD
33%
DJ
33%
33%
EG
33%
EJ
33%
EL
33%
EM
33%
EP
33%
EX
33%
33%
33%
FE
33%
FI
33%
33%
GI
33%
33%
GU
33%
HA
33%
HI
33%
HU
33%
ID
33%
IH
33%
IL
33%
JA
33%
JO
33%
33%
KU
33%
33%
LE
33%
LI
33%
LU
33%
LY
33%
33%
MY
33%
33%
33%
NI
33%
NY
33%
OG
33%
ØL
33%
OL
33%
OS
33%
OV
33%
33%
PI
33%
33%
RE
33%
33%
SI
33%
SO
33%
33%
TI
33%
33%
TV
33%
TY
33%
UR
33%
VI
33%
WC
33%
YT
33%
ÅD
0%
ÆD
0%
ÆT
0%
ÆV
0%
ÅG
0%
ÅS
0%
0%
EB
0%
ED
0%
HM
0%
0%
LP
0%
MF
0%
0%
NU
0%
OD
0%
ØD
0%
ØF
0%
ØG
0%
OH
0%
ØH
0%
ØJ
0%
OK
0%
ØM
0%
OM
0%
ØR
0%
ØS
0%
ØV
0%
PC
0%
PH
0%
0%
PR
0%
PY
0%
RI
0%
RO
0%
RU
0%
RY
0%
SY
0%
0%
UD
0%
UF
0%
UG
0%
UH
0%
VE
0%
VY
0%
YD
0%
YP
0%

Score Distribution

Percentile by Number Answered

Percent of People with Each Score

Your Score History

You have not taken this quiz